000 00840cab a2200265 4500
001 ABS46114
008 090401t1992 xxu||||| |||| 00| 0 eng d
035 _a(Sirsi) u56872
041 _aeng
100 _aKendall, J.
245 _aExpert dispute determination
260 _c1992
350 _a0
490 _aSolicitors` Journal
_v136(11) 27 March 1992, 286-287(2)
520 _aAdvises how to find suitable expert witnesses / list of appointing authorities including the RICS and RIBA.
650 _aAPPOINTMENT
650 _aCONFLICTS OF INTEREST
650 _aEXPERT CLAUSES
650 _aEXPERT WITNESSES
650 _aINDEPENDENT THIRD PARTY
690 _aMANAGEMENT-DISPUTE AVOIDANCE, MANAGEMENT AND RESOLUTION-DISPUTE MANAGEMENT AND RESOLUTION-ARBITRATION
690 _aLAW
942 _n0
948 _c04/03/1997
999 _c34711
_d34711